000 00558nam a2200217Ia 4500
003 OSt
005 20220928140628.0
006 a|||||r|||| 00| 0
007 ta
008 220927b |||||||| |||| 00| 0 eng d
024 _a10215
037 _cTextual
040 _aSDCL
_cSDCL
_beng
041 _2eng
_aeng
082 _aO-,3M12:g(S), M4
100 _aFrank Lawrence
_9496397
245 0 _aCharles Dickens and the romantic self.
260 _c1984
942 _hO-,3M12:g(S), M4
_cTEXL
_2CC
999 _c812737
_d812737